| 000 | 00978cam a2200241 a 4500 | ||
|---|---|---|---|
| 001 | 45003 | ||
| 003 | BD-RJUL | ||
| 005 | 20211209053940.0 | ||
| 008 | 160721s1985 su ab b 001 0 eng | ||
| 035 | _a(BD-RjUL)45121 | ||
| 040 |
_aDLC _cDLC _dDLC _beng |
||
| 041 | _aeng | ||
| 082 | 0 | 0 |
_a954.1400882971 _223 _bALH |
| 100 | 1 | 0 |
_aAli, Muhammad Mohar. _9137897 |
| 245 | 1 | 0 |
_aHistory of the Muslims of Bengal / _cMuhammad Mohar Ali. |
| 250 | _a1st ed. | ||
| 260 | 0 |
_aRiyadh : _bImam Muhammad ibn Saʼūd Islamic University, _c1985. |
|
| 300 |
_aV. : _bill. ; _c25 cm. |
||
| 505 | 1 | _av. 1A. Muslim rule in Bengal (600-1170/1203-1757) -- v. 1B. Survey of administration, society and culture -- v. 2 A. Bengal Muslims during the first century of British rule (1757-1871) -- v. 2B. Bengal Muslims during the first century of British rule (1757-1871) -- | |
| 650 | 0 |
_aMuslims _zIndia _zBengal _xHistory. _9137898 |
|
| 651 | 0 |
_aBengal (India) _xHistory. _9137899 |
|
| 942 |
_2ddc _cBK _08 |
||
| 999 |
_c45003 _d45003 |
||